Five Hottest Countries by Continent - Statistics

General Stats
  • This quiz has been taken 684 times
  • The average score is 18 of 30
Answer Stats
Continent °C Country % Correct
South America 24.95 Brazil
83%
Europe 15.40 Greece
83%
South America 24.50 Colombia
79%
Europe 19.20 Malta
77%
Europe 15.15 Portugal
75%
South America 25.35 Venezuela
75%
South America 25.70 Suriname
73%
South America 26.00 Guyana
72%
Africa 28.25 Mali
63%
Asia 27.15 Qatar
63%
Asia 27.00 United Arab Emirates
62%
Oceania 28.20 Kiribati
61%
Oceania 27.60 Palau
61%
Oceania 26.70 Samoa
60%
North America 25.75 Trinidad and Tobago
58%
Oceania 28.00 Tuvalu
58%
Asia 27.15 Bahrain
57%
North America 26.00 Barbados
56%
Oceania 27.40 Marshall Islands
56%
Africa 27.65 Mauritania
56%
North America 26.80 St. Vincent and the Grenadines
56%
North America 26.65 Grenada
53%
North America 26.00 Antigua and Barbuda
52%
Europe 13.55 Monaco
49%
Europe 15.20 Vatican City
49%
Africa 28.25 Burkina Faso
46%
Africa 27.85 Senegal
44%
Asia 26.95 Sri Lanka
42%
Asia 27.65 Maldives
41%
Africa 28.00 Djibouti
26%
No matching quizzes found
Score Distribution
Percent of People with Each Score
Percentile by Number Answered
Your Score History
You have not taken this quiz